Simultaneous Escape Routing SER with Application to PCB / (Record no. 531463)

000 -LEADER
fixed length control field 00569nam a22001697a 4500
020 ## - INTERNATIONAL STANDARD BOOK NUMBER
Qualifying information Hard Cover.
082 ## - DEWEY DECIMAL CLASSIFICATION NUMBER
Classification number 004
100 ## - MAIN ENTRY--PERSONAL NAME
Personal name Sattar, Kashif.
245 ## - TITLE STATEMENT
Title Simultaneous Escape Routing SER with Application to PCB /
Statement of responsibility, etc. Kashif Sattar.
260 ## - PUBLICATION, DISTRIBUTION, ETC.
Place of publication, distribution, etc. Islamabad:
Name of publisher, distributor, etc. SEECS -NUST,
Date of publication, distribution, etc. 2017.
300 ## - PHYSICAL DESCRIPTION
Extent 144 p.: ill.;
Dimensions 35cm.
650 ## - SUBJECT ADDED ENTRY--TOPICAL TERM
Topical term or geographic name entry element PhD-Information Technology
700 ## - ADDED ENTRY--PERSONAL NAME
Personal name Supervisor:Dr. Anjum Naveed
856 ## - Uniform Resource Identifier
Uniform Resource Identifier <a href="http://10.250.8.41:8080/xmlui/handle/123456789/25929">http://10.250.8.41:8080/xmlui/handle/123456789/25929</a>
942 ## - ADDED ENTRY ELEMENTS (KOHA)
Source of classification or shelving scheme
Koha item type Soft Copy
650 ## - SUBJECT ADDED ENTRY--TOPICAL TERM
-- 123221
700 ## - ADDED ENTRY--PERSONAL NAME
-- 124731
Holdings
Withdrawn status Lost status Source of classification or shelving scheme Damaged status Not for loan Permanent Location Current Location Shelving location Date acquired Full call number Barcode Date last seen Price effective from Koha item type
          Central Library (CL) Central Library (CL) Thesis 10/17/2019 200 CLPT-69 10/17/2019 10/17/2019 Soft Copy
          Central Library (CL) Central Library (CL) Thesis 11/11/2019 200 CLPT-75 11/11/2019 11/11/2019 Soft Copy
© 2023 Central Library, National University of Sciences and Technology. All Rights Reserved.